000 00349nam a2200121Ia 4500
008 220620s9999||||xx |||||||||||||| ||und||
245 0 _aHumanitarianism: Keywords
546 _aEnglish[eng]
650 _aSociology
700 _aDe Lauri, Antonio
856 _uhttps://library.oapen.org/bitstream/20.500.12657/42542/1/9789004431140.pdf
942 _cEB
999 _c27587
_d27587